000 00588nam a2200229Ia 4500
003 OSt
005 20220928132621.0
006 a|||||r|||| 00| 0
007 ta
008 220927b |||||||| |||| 00| 0 eng d
024 _a29866
037 _cTextual
040 _aSDCL
_cSDCL
_beng
041 _2eng
_aeng
082 _aV2'C73, F4
100 _aWoolner Alfred C
_9408739
245 0 _aAsoka text and glossary.
260 _aDelhi
_bRare
_c1924
300 _axxxviii,156p
_ccm.
942 _hV2'C73, F4
_cTEXL
_2CC
999 _c795170
_d795170